00870nam a2200205 a 4500008004100000020000800041041000800049092001900057100003900076245005000115250001100165260004500176300001000221500009700231590006400328655001700392942001300409999001500422952022700437161215t1995 pn a|||g ||| 001 p spa d aS/N aspa c808.8l84sTOM1 aTomás Fitzgerald, Consuelo93517 3aEl cuarto Eden /cConsuelo Tomás Fitzgerald a1a ed. aS/L:bEpic Publications Panamá;c1995. a32 p. aTomás Fitzgerald, C. (1995). El cuarto Edén. (1a ed.). S/L : Epic Publications Panamá. aProyecto 4to libro.Donación Mónica Reyna, Febrero 2018. aPoesia92929 2ddccLIT c2671d2671 00102ddc4070aBFMbBFMcCRd2018-02-21eProyecto 4to libro.Donación Mónica Reyna, Febrero 2018.l0o808.8 84 TOMp4180r2018-02-21tEj. 1w2018-02-21yLITzProyecto 4to libro.Donación Mónica Reyna, Febrero 2018.